LEADER 00756nam0-22002771i-450- 001 990002564170403321 035 $a000256417 035 $aFED01000256417 035 $a(Aleph)000256417FED01 035 $a000256417 100 $a20000920d1955----km-y0itay50------ba 101 0 $aENG 200 1 $aVector analysis$fHomer E. Newell, Jr. 210 $aNew York$cMcGraw-Hill$d1955. 215 $axi, 216 p.$d24 cm 610 0 $aMetodi matematici, Metodi matematici per l'ingegneria 676 $a510 700 1$aNewell ,$bHomer E. JR.$03659 801 0$aIT$bUNINA$gRICA$2UNIMARC 901 $aBK 912 $a990002564170403321 952 $aMXV-B-23$b010332$fMAS 959 $aMAS 996 $aVector analysis$9436704 997 $aUNINA DB $aING01 LEADER 02959nam 2200661za 450 001 9910956305803321 005 20260113151130.0 010 $a1-281-22484-7 010 $a9786611224844 010 $a0-7486-3119-4 010 $a9780748631193 (e-book) 024 7 $a10.1515/9780748631193 035 $a(CKB)1000000000411381 035 $a(EBL)332612 035 $a(OCoLC)476133760 035 $a(SSID)ssj0000236508 035 $a(PQKBManifestationID)11924803 035 $a(PQKBTitleCode)TC0000236508 035 $a(PQKBWorkID)10172570 035 $a(PQKB)11158060 035 $a(MiAaPQ)EBC332612 035 $a(Au-PeEL)EBL332612 035 $a(CaPaEBR)ebr10435272 035 $a(CaONFJC)MIL122484 035 $a(DE-B1597)616404 035 $a(DE-B1597)9780748631193 035 $a(OCoLC)1306538318 035 $a(EXLCZ)991000000000411381 100 $a20080114d2008 uy 0 101 0 $aeng 135 $aur|n|nnn||||| 181 $ctxt 182 $cc 183 $acr 200 00$aResearch methods for cultural studies /$fedited by Michael Pickering 205 $a1st ed. 210 $aEdinburgh $cEdinburgh University Press$dc2008 215 $a1 online resource (vi, 240 p.) $cill 225 1 $aResearch methods for the arts and humanities 300 $aDescription based upon print version of record. 311 08$a0-7486-2577-1 320 $aIncludes bibliographical references (p. [214]-233) and index. 327 $aSection One: Lives and Lived Experiences -- 1. Experience and the social world -- 2. Stories and the social world -- Section Two: Production and Consumption -- 3. Investigating cultural producers -- 4. Investigating cultural consumers -- Section Three: Quantity and Quality -- 5. Why counting counts -- 6. Why observing matters -- Section Four: Texts and Pictures -- 7. Analysing visual experience -- 8. Analysing discourse -- Section Five: Linking with the Past -- 9. Engaging with memory -- 10. Engaging with history -- Bibliography -- Notes on Contributors -- Index. 330 $aThis new textbook addresses the neglect of practical research methods in cultural studies. It provides students with clearly written overviews of research methods in cultural studies, along with guidelines on how to put these methods into operation. It advocates a multi-method approach, with students drawing from a pool of techniques and approaches suitable for their own topics of investigation. 410 0$aResearch Methods for the Arts and Humanities 606 $aCulture$xMethodology 606 $aCulture$xStudy and teaching 615 0$aCulture$xMethodology. 615 0$aCulture$xStudy and teaching. 676 $a306.072 701 $aPickering$b Michael$f1957-$01827175 801 0$bMiAaPQ 801 1$bMiAaPQ 801 2$bMiAaPQ 906 $aBOOK 912 $a9910956305803321 996 $aResearch methods for cultural studies$94395273 997 $aUNINA